000 00269nam a2200109Ia 4500
008 190216s9999||||xx |||||||||||||| ||und||
100 _a"Atanco Dn, Ethanis Pp"
245 0 _aPractical Problems In Statistics
260 _bKitab Mahal
_c1952
300 _a608p
942 _cBK
999 _c4208
_d4208